000 00439nam a2200181Ia 4500
003 IN-BaIIA
008 211028s9999 xx 000 0 eng d
040 _cIIA Library
080 _a521
_bROB
100 _aRobertson, J.
_91317
245 4 _aThe elements of astronomy
_cJ. Robertson
260 _aLondon
_bJ Nourse
_c1950
300 _a390p.
650 _aArchives
650 _aAstronomy
_980
650 _aAstrophysics
_9794
942 _cBK
999 _c599
_d599